000 00374nam a2200157Ia 4500
100 _aBurr/A.H./ Cheathan/J.B.
250 _a2
942 _cBK
654 _aMechanical analysis & design
245 _aMechnical Analysis & design
260 _bPrentice Hall of India
_aNew Delhi
_c1997
082 _a620.1
_bBUR/CHE
300 _a882
546 _aENGLISH
999 _c30002
_d30002